000 00465nam a22001697a 4500
005 20251108170519.0
008 250721s1982 xx 000 0 ara d
082 1 4 _aط/ق/يعق
100 1 _aإسحق، يعقوب محمد
245 1 0 _aاللدغة الأولى /
264 1 _aجده :
_bتهامة،
_c1982.
300 _a12ص : مص
490 0 _aنحو مجتمع أفضل ؛ 32
650 1 7 _aقصص الأطفال
942 _2ddc
_cBK
999 _c42323
_d42323